[Event "Mercredi 2006.12.11"]
[Site "Montreal CAN"]
[Date "2006.12.11"]
[Round "1"]
[White "Durbaca, Ionut"]
[Black "Frangulian, Eric"]
[Result "0-1"]
[WhiteElo "1249"]
[BlackElo "1284"]
[PlyCount "66"]
[EventDate "2006.12.11"]
[EventType "tourn"]
[EventRounds "3"]
[EventCountry "CAN"]

1. g3 g6 2. Nh3 Bg7 3. f3 d5 4. Nf2 Nf6 5. Bg2 e5 6. O-O O-O 7. e3 d4 8. exd4
exd4 9. d3 Nd5 10. f4 Ne3 11. Bxe3 dxe3 12. c3 exf2+ 13. Rxf2 c6 14. Na3 Bf5
15. d4 Be6 16. Qd3 Nd7 17. Rd2 Nf6 18. c4 Bf5 19. Qb3 Be4 20. Bxe4 Nxe4 21. Rd3
Bxd4+ 22. Kg2 Nc5 23. Qd1 Nxd3 24. Qb3 Nc5 25. Qc2 Re8 26. Rd1 Qf6 27. b4 Ne6
28. c5 Nxf4+ 29. gxf4 Qxf4 30. Nc4 Qg4+ 31. Kh1 Re2 32. Qxe2 Qxe2 33. Rxd4 Qf1#
0-1

[Event "Mercredi 2006.12.11"]
[Site "Montreal CAN"]
[Date "2006.12.11"]
[Round "1"]
[White "Gauthier, Luc"]
[Black "Pregent, Daniel"]
[Result "1-0"]
[WhiteElo "1639"]
[BlackElo "1789"]
[PlyCount "49"]
[EventDate "2006.12.11"]
[EventType "tourn"]
[EventRounds "3"]
[EventCountry "CAN"]

1. e4 e5 2. Bc4 Nf6 3. d4 exd4 4. Nf3 Be7 5. e5 Ne4 6. Qxd4 Ng5 7. Bxg5 Bxg5 8.
Nc3 O-O 9. Ne4 Nc6 10. Qc3 Be7 11. O-O-O a6 12. e6 fxe6 13. Bxe6+ Kh8 14. Qe3
Qe8 15. Bb3 Qg6 16. h4 d6 17. Nfg5 Ne5 18. f4 Ng4 19. Qg3 c6 20. h5 Qh6 21.
Nf7+ Rxf7 22. Bxf7 d5 23. Nf2 Ne5 24. Bg6 Nc4 25. Rde1 1-0

[Event "Mercredi 2006.12.11"]
[Site "Montreal CAN"]
[Date "2006.12.11"]
[Round "1"]
[White "Teasdale, Alain"]
[Black "Bertin, Francois"]
[Result "1-0"]
[WhiteElo "1449"]
[BlackElo "1066"]
[PlyCount "55"]
[EventDate "2006.12.11"]
[EventType "tourn"]
[EventRounds "3"]
[EventCountry "CAN"]

1. c4 e5 2. Nc3 Nc6 3. d3 d6 4. e4 f5 5. g3 Nf6 6. Nge2 g6 7. Bg2 Bg7 8. f4 O-O
9. O-O Qe7 10. h3 Bd7 11. Be3 a6 12. Rb1 Rab8 13. Qd2 b5 14. fxe5 Nxe5 15. cxb5
axb5 16. Bg5 Qe8 17. b3 Nf7 18. Bxf6 Bxf6 19. Nd5 Bd8 20. Qc3 Ne5 21. Nxc7 Bxc7
22. Qxc7 Nxd3 23. Qxd6 Ne5 24. Qd5+ Kg7 25. Rbc1 Bc6 26. Qd4 Kg8 27. Rc5 Nd7
28. Rxc6 1-0

[Event "Mercredi 2006.12.11"]
[Site "Montreal CAN"]
[Date "2006.12.18"]
[Round "2"]
[White "Pregent, Daniel"]
[Black "Maharisoa, Tantely"]
[Result "1-0"]
[WhiteElo "1789"]
[BlackElo "1555"]
[PlyCount "71"]
[EventDate "2006.12.11"]
[EventType "tourn"]
[EventRounds "3"]
[EventCountry "CAN"]

1. d4 d5 2. c4 e6 3. Nc3 Nf6 4. Bg5 c6 5. Nf3 Bd6 6. e3 Nbd7 7. Bd3 O-O 8. O-O
Re8 9. Rc1 a6 10. cxd5 exd5 11. Qc2 h6 12. Bh4 Qc7 13. Bf5 g5 14. Bg3 Bxg3 15.
hxg3 g4 16. Nh4 Nf8 17. Kh2 Ne6 18. Rh1 Ng7 19. Kg1 h5 20. Bd3 Qd6 21. Na4 Ne4
22. Bxe4 Rxe4 23. Nb6 Rb8 24. Nxc8 Rxc8 25. Qb3 Rc7 26. Qb6 Rce7 27. Rc3 f5 28.
Rb3 f4 29. gxf4 Rxf4 30. exf4 Qxf4 31. Re3 Rxe3 32. fxe3 Qxe3+ 33. Kh2 g3+ 34.
Kh3 Qf4 35. Qd8+ Kf7 36. Qf8+ 1-0

[Event "Mike Shpan mem"]
[Site "Winnipeg CAN"]
[Date "2006.11.07"]
[Round "1"]
[White "Adol, Deng"]
[Black "Evans, Brian"]
[Result "1-0"]
[WhiteElo "1795"]
[BlackElo "1474"]
[PlyCount "67"]
[EventDate "2006.11.07"]
[EventType "swiss"]
[EventRounds "6"]
[EventCountry "CAN"]

1. e4 c5 2. d3 e6 3. Be2 Nc6 4. Nf3 Nf6 5. a3 d5 6. exd5 exd5 7. O-O Be7 8. d4
O-O 9. dxc5 Bxc5 10. Bd3 Ng4 11. h3 Nxf2 12. Rxf2 Qb6 13. Qf1 Bxf2+ 14. Qxf2
Qxf2+ 15. Kxf2 d4 16. Bf4 Re8 17. b4 Rd8 18. Nbd2 Be6 19. b5 Ne7 20. Re1 Rac8
21. Ng5 g6 22. Nxe6 fxe6 23. Rxe6 Nd5 24. Bh6 Re8 25. Rxe8+ Rxe8 26. Bc4 Rd8
27. Ne4 Kh8 28. Ng5 Rd7 29. Kg1 b6 30. Ne6 Rd6 31. Bg7+ Kg8 32. Bxd4 Kf7 33.
Nc7 Ke7 34. Nxd5+ 1-0

[Event "Mike Shpan mem"]
[Site "Winnipeg CAN"]
[Date "2006.11.07"]
[Round "1"]
[White "Clark, Jeff"]
[Black "Crawford, Gary"]
[Result "1-0"]
[WhiteElo "1757"]
[BlackElo "1392"]
[PlyCount "89"]
[EventDate "2006.11.07"]
[EventType "swiss"]
[EventRounds "6"]
[EventCountry "CAN"]

1. Nf3 c5 2. c4 Nc6 3. Nc3 Nd4 4. e3 Nxf3+ 5. Qxf3 e6 6. b3 Qf6 7. Qxf6 Nxf6 8.
Be2 Be7 9. Bb2 O-O 10. Bf3 Rd8 11. e4 Rb8 12. O-O-O e5 13. Nb5 d6 14. Nxa7 Bg4
15. Nb5 Bxf3 16. gxf3 Nh5 17. Nc3 Nf4 18. Nd5 Nxd5 19. exd5 Bh4 20. a4 Bxf2 21.
Rhf1 Bh4 22. Bc3 Re8 23. d3 f5 24. Rg1 g6 25. Be1 Bf6 26. Bc3 Kf7 27. Rde1 Re7
28. Rgf1 Rbe8 29. Kc2 h5 30. b4 cxb4 31. Bxb4 Rd7 32. Re2 g5 33. h3 Ra8 34. Kb3
b6 35. Ra2 Bd8 36. Bc3 Bf6 37. Kb4 Ke8 38. Kb5 Rda7 39. a5 bxa5 40. Rxa5 Kd7
41. c5 e4 42. Rxa7+ Rxa7 43. Bxf6 exd3 44. c6+ Kc7 45. Bxg5 1-0

[Event "Mike Shpan mem"]
[Site "Winnipeg CAN"]
[Date "2006.11.07"]
[Round "1"]
[White "Czypinski, Jaroslaw"]
[Black "Reimer, Bruce"]
[Result "1-0"]
[WhiteElo "1801"]
[BlackElo "1531"]
[PlyCount "121"]
[EventDate "2006.11.07"]
[EventType "swiss"]
[EventRounds "6"]
[EventCountry "CAN"]

1. e4 Nf6 2. Nf3 Nxe4 3. Nc3 Nxc3 4. dxc3 d6 5. Bc4 e6 6. O-O Be7 7. Qe2 O-O 8.
Rd1 Nc6 9. Bd3 e5 10. h4 Bxh4 11. Qe4 Bxf2+ 12. Kxf2 f5 13. Qd5+ Kh8 14. Ng5
Qe7 15. Bc4 Nd8 16. b3 f4 17. Qf3 Qxg5 18. Be2 Bf5 19. Rh1 e4 20. Qxf4 Qxf4+
21. Bxf4 Bg6 22. Ke3 Ne6 23. Bg3 Rf7 24. Rad1 Rd8 25. Bc4 Re8 26. Rh4 Rfe7 27.
Rdh1 Ng5 28. Rg4 Nf7 29. Bf4 Bf5 30. Rgh4 h6 31. Bxf7 Rxf7 32. c4 Kg8 33. Bg3
Bh7 34. Rd1 Rd7 35. Rh5 Red8 36. Rhd5 Kf7 37. c5 Ke6 38. cxd6 cxd6 39. c4 Ke7
40. Be1 Bg8 41. Rf5 d5 42. c5 Ke6 43. Rh5 Bf7 44. Rh3 Kf5 45. Bc3 Bg6 46. Bd4
a6 47. Rg3 Bh7 48. Rf1+ Ke6 49. Rxg7 Rxg7 50. Bxg7 Rd7 51. Rf6+ Ke7 52. Rxh6
Bg8 53. Be5 Be6 54. Rh7+ Ke8 55. Rh8+ Ke7 56. g3 Kf7 57. Kf4 Re7 58. g4 Re8 59.
Rh7+ Kf8 60. g5 Re7 61. Bd6 1-0

[Event "Mike Shpan mem"]
[Site "Winnipeg CAN"]
[Date "2006.11.07"]
[Round "1"]
[White "Essery, Richard"]
[Black "Mundwiler, Les"]
[Result "1/2-1/2"]
[WhiteElo "1602"]
[BlackElo "1988"]
[PlyCount "106"]
[EventDate "2006.11.07"]
[EventType "swiss"]
[EventRounds "6"]
[EventCountry "CAN"]

1. d4 d5 2. Nf3 Nf6 3. Bf4 Nc6 4. e3 Bg4 5. Be2 Bxf3 6. Bxf3 e6 7. Nd2 Bd6 8.
Bg3 h6 9. c3 a6 10. Qc2 Rb8 11. e4 Be7 12. e5 Nh7 13. Be2 Nf8 14. f4 g6 15. Nf3
h5 16. h4 Nd7 17. Bd3 Nf8 18. Bf2 Qd7 19. Rg1 Bd8 20. g4 hxg4 21. Rxg4 Ne7 22.
O-O-O Nf5 23. Rh1 Be7 24. Rg2 b5 25. Rgh2 b4 26. c4 dxc4 27. Bxc4 Nh7 28. Qb3
a5 29. a4 Ng7 30. Rd1 c6 31. Nd2 Nh5 32. Qf3 O-O 33. Rg1 Kh8 34. b3 Rfd8 35.
Ne4 Qe8 36. Ng3 Ng7 37. h5 g5 38. Bd3 c5 39. h6 Nf5 40. Bxf5 exf5 41. Nxf5 cxd4
42. Bxd4 Rbc8+ 43. Kb1 Bc5 44. Bxc5 Rxc5 45. Qf2 Rc3 46. Qb2 Rdd3 47. Nd6 Qe6
48. Rc1 Rxb3 49. Rc8+ Nf8 50. Rxf8+ Kh7 51. Rxf7+ Kh8 52. Rf8+ Kh7 53. Rf7+ Kh8
1/2-1/2

[Event "Mike Shpan mem"]
[Site "Winnipeg CAN"]
[Date "2006.11.07"]
[Round "1"]
[White "Goodman, Clifford"]
[Black "Silva, T Romeo"]
[Result "0-1"]
[WhiteElo "1500"]
[BlackElo "1797"]
[PlyCount "84"]
[EventDate "2006.11.07"]
[EventType "swiss"]
[EventRounds "6"]
[EventCountry "CAN"]

1. e4 d5 2. exd5 Qxd5 3. Nc3 Qa5 4. d4 c6 5. Nf3 Bg4 6. Be2 Nf6 7. Ne5 Bxe2 8.
Qxe2 e6 9. a3 Be7 10. O-O O-O 11. Bf4 Nd5 12. Nxd5 Qxd5 13. Rad1 Bf6 14. c4 Qd8
15. Qg4 Re8 16. Rfe1 Nd7 17. Qh5 g6 18. Qh3 Nf8 19. Bh6 Qe7 20. Ng4 Bh8 21. Qf3
Rad8 22. Re4 f5 23. Bxf8 Qxf8 24. Rf4 Bg7 25. Qb3 Qd6 26. Qf3 fxg4 27. Qxg4 e5
28. Re4 exd4 29. Rxe8+ Rxe8 30. h4 c5 31. h5 Qe6 32. Qf3 Qe2 33. Qd5+ Kh8 34.
Rf1 b6 35. hxg6 hxg6 36. Qd7 Re7 37. Qh3+ Qh5 38. Qc8+ Kh7 39. g3 Qf5 40. Qa8
d3 41. f3 Bd4+ 42. Kg2 Re2+ 0-1

[Event "Mike Shpan mem"]
[Site "Winnipeg CAN"]
[Date "2006.11.07"]
[Round "1"]
[White "Green, Aaron"]
[Black "Wierda, John"]
[Result "0-1"]
[WhiteElo "1376"]
[BlackElo "1742"]
[PlyCount "111"]
[EventDate "2006.11.07"]
[EventType "swiss"]
[EventRounds "6"]
[EventCountry "CAN"]

1. e4 e6 2. d4 d5 3. Nc3 Bb4 4. exd5 Qxd5 5. Nf3 c5 6. Bd2 Qd8 7. dxc5 Bxc5 8.
Bd3 Nf6 9. O-O O-O 10. Bg5 Nbd7 11. Ne4 Be7 12. Nxf6+ Nxf6 13. Bxf6 Bxf6 14. c3
Qc7 15. Qc2 h6 16. Rac1 b6 17. Rfe1 Bb7 18. Bh7+ Kh8 19. Be4 Rac8 20. Bxb7 Qxb7
21. Rcd1 b5 22. Nd2 Rfd8 23. Qe4 Rd5 24. Nf3 Rcd8 25. Rxd5 Rxd5 26. Nd2 Qd7 27.
Nf1 a5 28. Ne3 Rd2 29. Rb1 Bg5 30. f4 Be7 31. Qa8+ Qd8 32. Qxd8+ Bxd8 33. Rd1
Rxd1+ 34. Nxd1 g5 35. g3 gxf4 36. gxf4 Bc7 37. Nf2 Bxf4 38. Nd3 Bc7 39. Nc5 Kg7
40. h3 Kg6 41. Kg2 e5 42. Kf3 f5 43. Ne6 Bd6 44. Nd8 e4+ 45. Kf2 f4 46. Nc6
Bc5+ 47. Kf1 Bb6 48. Ne5+ Kh5 49. Ng4 Kh4 50. Nxh6 Kxh3 51. Nf5 f3 52. Nd6 e3
53. Ne4 e2+ 54. Ke1 Kg4 55. Nf2+ Bxf2+ 56. Kxf2 0-1

[Event "Mike Shpan mem"]
[Site "Winnipeg CAN"]
[Date "2006.11.07"]
[Round "1"]
[White "Nguyen, Huy"]
[Black "Letain, Cory"]
[Result "1-0"]
[WhiteElo "1692"]
[BlackElo "1259"]
[PlyCount "111"]
[EventDate "2006.11.07"]
[EventType "swiss"]
[EventRounds "6"]
[EventCountry "CAN"]

1. Nf3 g6 2. e4 c5 3. g3 d6 4. Bg2 Bg7 5. c3 Nc6 6. d3 Nf6 7. Nbd2 O-O 8. O-O
a5 9. a4 Ne5 10. Nxe5 dxe5 11. Nc4 Nd7 12. f4 f5 13. exf5 Rxf5 14. Qb3 Kh8 15.
Be3 Ra7 16. Be4 Rf6 17. fxe5 Rxf1+ 18. Rxf1 b6 19. d4 Bb7 20. Bxb7 Rxb7 21.
Nxa5 Rc7 22. Nc4 Qa8 23. Qc2 cxd4 24. cxd4 Qa6 25. b3 b5 26. axb5 Qxb5 27. Na3
Rxc2 28. Nxb5 Kg8 29. Rf2 Rc8 30. Rb2 Nb6 31. Kf2 Nd5 32. Bd2 Bf8 33. Kf3 e6
34. Ke4 Nb4 35. Nd6 Rb8 36. h4 Nd5 37. b4 Ne7 38. g4 Nc8 39. Nxc8 Rxc8 40. b5
Rb8 41. b6 Rb7 42. Be3 Be7 43. g5 Kf7 44. d5 exd5+ 45. Kxd5 Rd7+ 46. Kc6 Ke6
47. Rd2 Rxd2 48. Bxd2 Kxe5 49. b7 Bd6 50. Bf4+ Kxf4 51. Kxd6 Kg4 52. Ke5 Kxh4
53. Kf4 Kh5 54. b8=Q h6 55. Kg3 Kxg5 56. Qe5# 1-0

[Event "Mike Shpan mem"]
[Site "Winnipeg CAN"]
[Date "2006.11.07"]
[Round "1"]
[White "Schulz, Waldemar"]
[Black "Kohalmi, Andy"]
[Result "1-0"]
[WhiteElo "2069"]
[BlackElo "1677"]
[PlyCount "75"]
[EventDate "2006.11.07"]
[EventType "swiss"]
[EventRounds "6"]
[EventCountry "CAN"]

1. d4 Nf6 2. c4 g6 3. Nc3 d5 4. cxd5 Nxd5 5. e4 Nxc3 6. bxc3 Bg7 7. Bc4 O-O 8.
Ne2 c6 9. O-O Nd7 10. Be3 b5 11. Bd3 Nb6 12. Qc1 Re8 13. Bh6 Bh8 14. Rd1 a6 15.
Qc2 e5 16. Be3 Qc7 17. f4 exd4 18. cxd4 Bg4 19. Rac1 Rac8 20. h3 Be6 21. Bf2
Bc4 22. Qd2 Bxd3 23. Qxd3 Nc4 24. Rc2 Rcd8 25. e5 f6 26. Rxc4 bxc4 27. Qxc4+
Qf7 28. Rc1 Qxc4 29. Rxc4 fxe5 30. fxe5 Re6 31. Nf4 Re7 32. Bh4 Red7 33. Bxd8
Rxd8 34. Kf2 c5 35. Ne6 Rxd4 36. Nxd4 cxd4 37. Rxd4 Bxe5 38. Ra4 1-0

[Event "Mike Shpan mem"]
[Site "Winnipeg CAN"]
[Date "2006.11.14"]
[Round "2"]
[White "Evans, Brian"]
[Black "Goodman, Clifford"]
[Result "0-1"]
[WhiteElo "1474"]
[BlackElo "1500"]
[PlyCount "83"]
[EventDate "2006.11.07"]
[EventType "swiss"]
[EventRounds "6"]
[EventCountry "CAN"]

1. e4 c6 2. d4 d5 3. Nc3 dxe4 4. Nxe4 Bf5 5. Nc3 e6 6. a3 Nf6 7. Bg5 Be7 8. Nf3
Qb6 9. Na4 Qa5+ 10. c3 Bg4 11. Be2 Bxf3 12. Bxf3 Qxg5 13. b4 Nbd7 14. Nb2 O-O
15. c4 Rad8 16. Qa4 a6 17. Qc2 e5 18. dxe5 Nxe5 19. Qe2 Rfe8 20. O-O Nxf3+ 21.
Qxf3 Bf8 22. Rad1 g6 23. Na4 Bg7 24. Nc5 Rxd1 25. Rxd1 Qe5 26. Kf1 Ne4 27. Nxe4
Qxe4 28. Qd3 Qxd3+ 29. Rxd3 Re7 30. Rd8+ Bf8 31. a4 f5 32. b5 axb5 33. axb5
cxb5 34. cxb5 Kf7 35. b6 Bg7 36. Rc8 Kf6 37. Rc7 Ke6 38. Rc4 Be5 39. f4 Kd5 40.
Ra4 Bd4 41. Rb4 Kc5 42. Ra4 0-1

[Event "Mike Shpan mem"]
[Site "Winnipeg CAN"]
[Date "2006.11.14"]
[Round "2"]
[White "Gibson, Fred"]
[Black "Mundwiler, Les"]
[Result "0-1"]
[WhiteElo "1168"]
[BlackElo "1988"]
[PlyCount "78"]
[EventDate "2006.11.07"]
[EventType "swiss"]
[EventRounds "6"]
[EventCountry "CAN"]

1. e4 e5 2. Nf3 Nc6 3. Bb5 a6 4. Ba4 Nf6 5. O-O Be7 6. Re1 b5 7. Bb3 O-O 8. c3
d5 9. d3 d4 10. Nbd2 Bg4 11. Nf1 Qd7 12. h3 Bh5 13. Ng3 Bc5 14. Nxh5 Nxh5 15.
Kh1 dxc3 16. bxc3 Bxf2 17. Rf1 Ng3+ 18. Kh2 Nxf1+ 19. Qxf1 Bc5 20. Bb2 Bd6 21.
g3 Rae8 22. Rd1 Qe7 23. Bc1 Kh8 24. Qe2 Na5 25. Bc2 c5 26. d4 cxd4 27. cxd4 Rc8
28. d5 Qc7 29. Bd3 Be7 30. Bd2 Nb7 31. Ne1 Qd6 32. Bc1 Bd8 33. Nc2 Bb6 34. Rf1
Rc7 35. Kg2 Rfc8 36. Qd2 Nc5 37. Ba3 Nxd3 38. Bxd6 Rxc2 39. Rc1 Nxc1 0-1

[Event "Mike Shpan mem"]
[Site "Winnipeg CAN"]
[Date "2006.11.14"]
[Round "2"]
[White "Kohalmi, Andy"]
[Black "Trueman, Francis"]
[Result "0-1"]
[WhiteElo "1677"]
[BlackElo "1463"]
[PlyCount "56"]
[EventDate "2006.11.07"]
[EventType "swiss"]
[EventRounds "6"]
[EventCountry "CAN"]

1. d4 Nf6 2. Nf3 d6 3. e3 g6 4. Nbd2 Bg7 5. Bc4 O-O 6. c3 Nbd7 7. e4 e5 8. O-O
h5 9. h3 Nh7 10. dxe5 dxe5 11. Re1 Nc5 12. Qc2 Ne6 13. Nf1 g5 14. Ng3 g4 15.
hxg4 hxg4 16. Nh2 Kh8 17. Nxg4 Nf4 18. Nf5 Qg5 19. Bxf4 exf4 20. Nh2 Be5 21.
Nf3 Qf6 22. Nxe5 Qxe5 23. Rad1 Be6 24. Bxe6 fxe6 25. Nd4 Ng5 26. Nf3 Nxf3+ 27.
gxf3 Qh5 28. Rd3 Qh3 0-1

[Event "Mike Shpan mem"]
[Site "Winnipeg CAN"]
[Date "2006.11.14"]
[Round "2"]
[White "Nguyen, Huy"]
[Black "Adol, Deng"]
[Result "1/2-1/2"]
[WhiteElo "1692"]
[BlackElo "1795"]
[PlyCount "78"]
[EventDate "2006.11.07"]
[EventType "swiss"]
[EventRounds "6"]
[EventCountry "CAN"]

1. e4 e5 2. g3 Nf6 3. Bg2 Bc5 4. Ne2 O-O 5. O-O Nc6 6. c3 d6 7. b4 Bb6 8. Kh1
Bg4 9. d3 Qc8 10. Be3 Bh3 11. Nd2 Bxg2+ 12. Kxg2 Ng4 13. Bxb6 axb6 14. h3 Nh6
15. b5 Ne7 16. d4 f5 17. Qb3+ Kh8 18. f4 fxe4 19. Nxe4 d5 20. Nd2 Nef5 21. Kh2
exd4 22. Nf3 dxc3 23. Qxc3 Qe8 24. Ned4 c6 25. bxc6 bxc6 26. Nxc6 Qe2+ 27. Kg1
Rfc8 28. Rf2 Qe8 29. Nfe5 d4 30. Qf3 Ra4 31. Rb1 Nxg3 32. Rxb6 Ngf5 33. Rb7 Qf8
34. Qd5 Qf6 35. Rg2 Raa8 36. Rf7 Ne3 37. Qd7 Qh4 38. Rfxg7 Qe1+ 39. Kh2 Nf1+
1/2-1/2

[Event "Mike Shpan mem"]
[Site "Winnipeg CAN"]
[Date "2006.11.14"]
[Round "2"]
[White "Pottinger, Carl"]
[Black "Schulz, Waldemar"]
[Result "1-0"]
[WhiteElo "1775"]
[BlackElo "2069"]
[PlyCount "69"]
[EventDate "2006.11.07"]
[EventType "swiss"]
[EventRounds "6"]
[EventCountry "CAN"]

1. c4 Nf6 2. g3 d5 3. Bg2 c6 4. cxd5 Nxd5 5. Nc3 g6 6. Nf3 Bg7 7. O-O O-O 8. d4
Nxc3 9. bxc3 c5 10. e4 Nc6 11. Be3 cxd4 12. cxd4 Bg4 13. Rb1 b6 14. d5 Ne5 15.
h3 Nxf3+ 16. Bxf3 Bxh3 17. Re1 Bd7 18. Bf4 Rc8 19. e5 Bf5 20. Rb2 h5 21. Rd2
Qd7 22. d6 Rfe8 23. Bg5 exd6 24. exd6 Rxe1+ 25. Qxe1 Bc3 26. Bh6 Kh7 27. Bf4
Bxd2 28. Qxd2 Rc2 29. Qd5 Be6 30. Qg5 Bxa2 31. Qh6+ Kg8 32. Be5 f6 33. Qxg6+
Kf8 34. Qxf6+ Qf7 35. Qh6+ 1-0

[Event "Mike Shpan mem"]
[Site "Winnipeg CAN"]
[Date "2006.11.14"]
[Round "2"]
[White "Reimer, Bruce"]
[Black "Green, Aaron"]
[Result "1-0"]
[WhiteElo "1531"]
[BlackElo "1376"]
[PlyCount "47"]
[EventDate "2006.11.07"]
[EventType "swiss"]
[EventRounds "6"]
[EventCountry "CAN"]

1. e4 c5 2. f4 d5 3. exd5 Qxd5 4. Nc3 Qe6+ 5. Be2 b6 6. Nb5 Kd8 7. Nf3 g6 8.
O-O Bg7 9. d4 Nd7 10. dxc5 bxc5 11. Bd2 a5 12. Qe1 Qb6 13. Be3 Ba6 14. a4 Ngf6
15. Ng5 Rf8 16. Rd1 h6 17. Nf3 Ne8 18. Ne5 Bxe5 19. fxe5 Kc8 20. Qc3 Nc7 21.
Bxh6 Rh8 22. e6 Rxh6 23. exd7+ Kd8 24. Qg7 1-0

[Event "Mike Shpan mem"]
[Site "Winnipeg CAN"]
[Date "2006.11.14"]
[Round "2"]
[White "Rutter, Blair"]
[Black "Essery, Richard"]
[Result "1-0"]
[WhiteElo "1825"]
[BlackElo "1602"]
[PlyCount "79"]
[EventDate "2006.11.07"]
[EventType "swiss"]
[EventRounds "6"]
[EventCountry "CAN"]

1. c4 e5 2. g3 Nf6 3. Bg2 Bc5 4. Nc3 a6 5. e3 d6 6. b4 Ba7 7. Nge2 c6 8. O-O
O-O 9. h3 Be6 10. d3 Nbd7 11. Kh2 Rc8 12. Ba3 b5 13. cxb5 cxb5 14. Bb7 Rxc3 15.
Nxc3 Qc7 16. Nxb5 axb5 17. Bg2 Qc3 18. Qc1 Rc8 19. Bb2 Qc2 20. a3 Nb6 21. d4
Qe2 22. Qb1 Rc2 23. Bf3 Qd3 24. dxe5 Nfd5 25. Bd4 dxe5 26. Bc5 Qf5 27. Bg2 Rd2
28. Qxf5 Bxf5 29. e4 Bxe4 30. Bxe4 Nc3 31. Bc6 e4 32. Rae1 f5 33. Be3 Rd6 34.
Bb7 Bb8 35. Rc1 Ne2 36. Rc6 Rxc6 37. Bxc6 Nc4 38. Re1 Nc3 39. Bd4 Nd2 40. Bxc3
1-0

[Event "Mike Shpan mem"]
[Site "Winnipeg CAN"]
[Date "2006.11.14"]
[Round "2"]
[White "Silva, T Romeo"]
[Black "Clark, Jeff"]
[Result "0-1"]
[WhiteElo "1797"]
[BlackElo "1757"]
[PlyCount "114"]
[EventDate "2006.11.07"]
[EventType "swiss"]
[EventRounds "6"]
[EventCountry "CAN"]

1. e4 c5 2. c3 e6 3. d4 b6 4. d5 d6 5. c4 Nf6 6. Nc3 Be7 7. Bd3 O-O 8. Nge2
Nbd7 9. f4 exd5 10. cxd5 a6 11. a4 Re8 12. O-O Bb7 13. Ng3 Bf8 14. Qf3 Rc8 15.
b3 g6 16. Bd2 Bg7 17. Rfe1 Re7 18. Bc4 Qe8 19. Re2 Kh8 20. Rae1 Ng8 21. Nd1 Qf8
22. Nf2 Rce8 23. Ng4 h5 24. Nf2 Nh6 25. Qd3 Ra8 26. Nh3 Ng4 27. Bc3 Bxc3 28.
Qxc3+ Qg7 29. Qxg7+ Kxg7 30. Ng5 Rae8 31. h3 Ngf6 32. Kf2 h4 33. Nf1 Nh5 34. g4
hxg3+ 35. Nxg3 Nxf4 36. Re3 Ne5 37. Kg1 Rh8 38. Bf1 Bc8 39. Nh1 Rh5 40. Rg3
Rxg5 41. Kf2 Rxg3 42. Kxg3 Nfd3 43. Rd1 Nb4 44. Nf2 Rb7 45. h4 Bd7 46. Be2 b5
47. a5 Na2 48. Rh1 c4 49. bxc4 bxc4 50. h5 gxh5 51. Ra1 Rb2 52. Bxh5 c3 53. Nd1
Rd2 54. Nxc3 Nxc3 55. Kf4 Rd3 56. Rg1+ Kf6 57. Rg2 Rh3 0-1

[Event "Mike Shpan mem"]
[Site "Winnipeg CAN"]
[Date "2006.11.14"]
[Round "2"]
[White "Wierda, John"]
[Black "Czypinski, Jaroslaw"]
[Result "0-1"]
[WhiteElo "1742"]
[BlackElo "1801"]
[PlyCount "81"]
[EventDate "2006.11.07"]
[EventType "swiss"]
[EventRounds "6"]
[EventCountry "CAN"]

1. Nf3 b6 2. g3 Bb7 3. Bg2 e6 4. c4 Nf6 5. Nc3 Nc6 6. O-O Be7 7. d4 d5 8. cxd5
exd5 9. Bf4 O-O 10. Nb5 Bd6 11. Nxd6 cxd6 12. a3 Na5 13. Bd2 Nc4 14. b3 Nxd2
15. Nxd2 Ne4 16. Rc1 Rc8 17. Nb1 Qf6 18. e3 Ba6 19. Bxe4 Bxf1 20. Bxh7+ Kxh7
21. Qxf1 Rxc1 22. Qxc1 Qf5 23. Nc3 Rc8 24. Qd2 a6 25. a4 g6 26. Kg2 Kg7 27. f3
Rc7 28. g4 Qc8 29. Ne2 Rc2 30. Qd3 Ra2 31. Kg3 Qc2 32. Qxc2 Rxc2 33. Nf4 Rc3
34. Nxd5 Rxb3 35. Kf4 b5 36. axb5 a5 37. b6 a4 38. b7 a3 39. Nc3 Rxb7 40. h4
Rb2 41. e4 0-1

[Event "Mike Shpan mem"]
[Site "Winnipeg CAN"]
[Date "2006.11.21"]
[Round "3"]
[White "Adol, Deng"]
[Black "Rutter, Blair"]
[Result "0-1"]
[WhiteElo "1795"]
[BlackElo "1825"]
[PlyCount "82"]
[EventDate "2006.11.07"]
[EventType "swiss"]
[EventRounds "6"]
[EventCountry "CAN"]

1. e4 e6 2. Bc4 d5 3. exd5 exd5 4. Bb3 Nf6 5. Ne2 Bd6 6. O-O Bg4 7. f3 Bf5 8.
d4 O-O 9. Bg5 c6 10. Ng3 Bg6 11. f4 h6 12. Bh4 Nbd7 13. f5 Bh7 14. Nh5 Be7 15.
Nd2 Nxh5 16. Bxe7 Qxe7 17. Qxh5 Qe3+ 18. Rf2 Qxd4 19. c3 Qb6 20. Raf1 Rae8 21.
Kh1 Nf6 22. Qh4 Re3 23. c4 Rfe8 24. Rf4 Re2 25. Nf3 Qe3 26. cxd5 cxd5 27. Ba4
Re7 28. Bd1 Rxb2 29. Rd4 Qc3 30. g4 Rb4 31. Rxb4 Qxb4 32. h3 Re4 33. Qg3 Rf4
34. Re1 g6 35. fxg6 Bxg6 36. Bb3 Rxf3 37. Qxf3 Qxe1+ 38. Kh2 Qe5+ 39. Kg1 Be4
40. Qf2 b6 41. Qe2 Kg7 0-1

[Event "Mike Shpan mem"]
[Site "Winnipeg CAN"]
[Date "2006.11.21"]
[Round "3"]
[White "Crawford, Gary"]
[Black "Letain, Cory"]
[Result "0-1"]
[WhiteElo "1392"]
[BlackElo "1259"]
[PlyCount "93"]
[EventDate "2006.11.07"]
[EventType "swiss"]
[EventRounds "6"]
[EventCountry "CAN"]

1. Nf3 e6 2. d4 d5 3. c4 Nf6 4. Bg5 dxc4 5. Qa4+ Bd7 6. Qxc4 a6 7. Nc3 b5 8.
Bxf6 bxc4 9. Bxd8 Kxd8 10. Ne5 Ke8 11. e3 c5 12. d5 Bd6 13. Nxc4 Bc7 14. d6 Bd8
15. Ne4 Nc6 16. a3 Ba5+ 17. Nxa5 Nxa5 18. Nxc5 Bb5 19. Bxb5+ axb5 20. b3 Rb8
21. O-O Nb7 22. Na6 Rc8 23. Nc7+ Kd7 24. Nxb5 Nxd6 25. Rfd1 Rc6 26. Nxd6 Rxd6
27. Rxd6+ Kxd6 28. Rc1 Ra8 29. a4 Rb8 30. Rc3 Kd7 31. Kf1 g5 32. Ke2 h5 33. Kd2
Kd6 34. Kc2 f5 35. Kb2 e5 36. Ka3 f4 37. exf4 gxf4 38. b4 e4 39. Rc5 Re8 40.
Rxh5 e3 41. fxe3 fxe3 42. Rc5 e2 43. Rc1 e1=Q 44. Rxe1 Rxe1 45. a5 Kc7 46. Ka4
Kc6 47. b5+ 0-1

[Event "Mike Shpan mem"]
[Site "Winnipeg CAN"]
[Date "2006.11.21"]
[Round "3"]
[White "Czypinski, Jaroslaw"]
[Black "Pottinger, Carl"]
[Result "1-0"]
[WhiteElo "1801"]
[BlackElo "1775"]
[PlyCount "109"]
[EventDate "2006.11.07"]
[EventType "swiss"]
[EventRounds "6"]
[EventCountry "CAN"]

1. d4 d5 2. Nf3 e6 3. e3 Nf6 4. Bd3 Bd6 5. Nbd2 O-O 6. O-O Nbd7 7. b3 e5 8. e4
dxe4 9. Nxe4 Nxe4 10. Bxe4 Nf6 11. Bg5 exd4 12. Qxd4 Bxh2+ 13. Kxh2 Qxd4 14.
Nxd4 Nxe4 15. Bf4 c6 16. f3 Nc3 17. Bd2 Nd5 18. c4 Nc7 19. Rad1 c5 20. Bf4 Ne6
21. Nxe6 Bxe6 22. Bd6 Rfc8 23. Rd2 b6 24. Rfd1 Rd8 25. g4 Rd7 26. Kg3 Rad8 27.
Bf4 Rxd2 28. Rxd2 Rxd2 29. Bxd2 Kf8 30. Bf4 a6 31. Bc7 b5 32. cxb5 axb5 33.
Bd6+ Ke8 34. Bxc5 f5 35. g5 g6 36. Kf4 Bd5 37. Ke3 Kd7 38. f4 Ke6 39. Kd4 Be4
40. Bf8 Bc2 41. Kc5 Bd3 42. Kc6 Kf7 43. Bd6 Ke6 44. Bc5 Kf7 45. a4 bxa4 46.
bxa4 h5 47. gxh6 g5 48. fxg5 Kg6 49. Be3 Be4+ 50. Kb6 f4 51. Bxf4 Kf7 52. a5
Ke6 53. a6 Kd7 54. a7 Kc8 55. h7 1-0

[Event "Mike Shpan mem"]
[Site "Winnipeg CAN"]
[Date "2006.11.21"]
[Round "3"]
[White "Essery, Richard"]
[Black "Evans, Brian"]
[Result "0-1"]
[WhiteElo "1602"]
[BlackElo "1474"]
[PlyCount "58"]
[EventDate "2006.11.07"]
[EventType "swiss"]
[EventRounds "6"]
[EventCountry "CAN"]

1. d4 Nf6 2. Nf3 d6 3. Bf4 g6 4. e3 Bg7 5. Bd3 O-O 6. Nbd2 Nc6 7. c3 e5 8. Bg5
Ne7 9. dxe5 dxe5 10. Nxe5 Qd5 11. Ndf3 Bg4 12. O-O Rfd8 13. Nxg4 Nxg4 14. Bxe7
Rd7 15. Ne1 Ne5 16. e4 Qe6 17. f4 Nxd3 18. Nxd3 Qxe7 19. Qf3 Qd6 20. Rad1 Rad8
21. f5 Qb6+ 22. Kh1 Qa6 23. a4 Qc4 24. b3 Qxc3 25. fxg6 fxg6 26. b4 Rf8 27. Nf4
Qxf3 28. gxf3 Rxd1 29. Rxd1 Rxf4 0-1